000 00668nam a22002177a 4500
005 20141119105018.0
008 141119b xxu||||| |||| 00| 0 eng d
040 _aLoreto College
041 _aEnglish
082 _a370.973
_bDRO
100 _aDropkin, Stan
245 _aContemporary American education
_bAn anthology of issues, problems, challenges
_cStan Dropkin, Harold Full and Ernest Schwarcz
260 _aNew York
_bThe Macmillan Company
_c1965
300 _avii, 600p.
_b23cm.
504 _aIncludes bibliography
650 _aEducation- America
700 _4Auth
_aFull, Harold
700 _4Auth
_aSchwarcz, Ernest
850 _aLCLIB
942 _cBK
999 _c39589
_d90068